US States with the Most Museums, Aquariums, and Zoos - Statistics

General Stats
  • This quiz has been taken 155 times
  • The average score is 8 of 9
Answer Stats
# State % Correct
2671 California
98%
2237 New York
97%
1886 Texas
96%
1149 Florida
95%
1311 Illinois
89%
1363 Ohio
86%
1652 Pennsylvania
75%
1040 Michigan
72%
1028 Massachusetts
71%
No matching quizzes found
Score Distribution
Percent of People with Each Score
Percentile by Number Answered
Your Score History
You have not taken this quiz